000 00312nam a22001337a 4500
008 171005b xxu||||| |||| 00| 0 eng d
020 _a9780205295661
041 _aeng
080 _a159.9
100 _a49
101 _aPSI
245 _aINTRODUCTION TO CROSS-CULTURAL PSYCHOLOGY
_cSHIRAEV,E
942 _2udc
_cBK
999 _c32116
_d32116